Binding propensity of modified corn starch and oat starch for NR latex proteins and ways to minimise the interaction (Record no. 54726)
[ view plain ]
| 000 -LEADER | |
|---|---|
| fixed length control field | 01613nam a2200253Ia 4500 |
| 100 ## - MAIN ENTRY--AUTHOR NAME | |
| Personal name | Hasma H |
| 245 #0 - TITLE STATEMENT | |
| Title | Binding propensity of modified corn starch and oat starch for NR latex proteins and ways to minimise the interaction |
| 260 ## - PUBLICATION, DISTRIBUTION, ETC. (IMPRINT) | |
| Name of publisher | Journal of Rubber Research |
| Year of publication | 2005 |
| 300 ## - PHYSICAL DESCRIPTION | |
| Number of Pages | 79-89 |
| 520 ## - SUMMARY, ETC. | |
| Summary, etc | The affinity of absorbable dusting powder (ADP) corn starch and oat starch for NR latex proteins was assessed by determining the amount of fresh latex serum proteins and glove proteins bound to the powders. Factors affecting the protein uptake were investigated. In agreement with earlier reports, ADP corn starch and oat starch bound non-ammoniated latex proteins, with corn starch binding more than oat starch. Corn starch, however, showed preferential binding affinity towards acidic proteins which constituted the major component of extractable glove proteins. The adsorption of glove proteins to corn starch could be markedly reduced by introducing certain anionic constituents into the slurry. Changing the alkaline slurry to neutral pH value, choosing appropriate corn starch powder, lowring slurry temperature, incubation time an powder content and incorporation of post leaching could further reduce the protein uptake to minimal levels. |
| 650 ## - SUBJECT ADDED ENTRY--TOPICAL TERM | |
| Topical Term | Binding affinity |
| 650 ## - SUBJECT ADDED ENTRY--TOPICAL TERM | |
| Topical Term | Buffer |
| 650 ## - SUBJECT ADDED ENTRY--TOPICAL TERM | |
| Topical Term | Corn starch |
| 650 ## - SUBJECT ADDED ENTRY--TOPICAL TERM | |
| Topical Term | Dusting powder |
| 650 ## - SUBJECT ADDED ENTRY--TOPICAL TERM | |
| Topical Term | Glove |
| 650 ## - SUBJECT ADDED ENTRY--TOPICAL TERM | |
| Topical Term | NR latex |
| 650 ## - SUBJECT ADDED ENTRY--TOPICAL TERM | |
| Topical Term | Oat starch |
| 650 ## - SUBJECT ADDED ENTRY--TOPICAL TERM | |
| Topical Term | Powder slurry |
| 650 ## - SUBJECT ADDED ENTRY--TOPICAL TERM | |
| Topical Term | Proteins |
| 650 ## - SUBJECT ADDED ENTRY--TOPICAL TERM | |
| Topical Term | Serum |
| 700 ## - ADDED ENTRY--PERSONAL NAME | |
| Personal name | Roslinah Wan |
| 942 ## - ADDED ENTRY ELEMENTS (KOHA) | |
| Koha item type | Journals |
| Withdrawn status | Lost status | Damaged status | Not for loan | Home library | Current library | Shelving location | Date acquired | Serial Enumeration / chronology | Koha item type |
|---|---|---|---|---|---|---|---|---|---|
| Journals | RRII Library | RRII Library | Rubber chemistry | 17/12/2021 | Volume 8, Issue 2 | Journals |